000 01317cam a2200277 4500
001 L135378
002 10071
008 061020n2006 000 0 eng u
020 _a9780727737717
035 _a(Sirsi) u135378
041 0 _aeng
050 0 4 _a347.4109 $2 18
245 0 0 _aEngineers dispute resolution handbook
_h[electronic resource]
260 _aLondon
_bThomas Telford Services Ltd
_c2006
300 _aeBook
350 _a35
505 1 _aAvoiding disputes -- When disputes arise -- Litigation -- Arbitration -- Adjudication -- Mediation -- Expert determination -- Early neutral evaluation -- International dispute resolution -- Immediate help
520 _aDiscusses the different dispute procedures in place, and how to avoid disputes in the first place by drafting clear and fair contracts to reduce the room for misunderstanding. Includes check-lists, addresses, model notices and a model position paper.
590 _aKA
650 2 4 _aHOUSING GRANTS, CONSTRUCTION AND REGENERATION ACT 1996
651 4 _aUnited Kingdom
_y
690 _aMANAGEMENT-DISPUTE AVOIDANCE, MANAGEMENT AND RESOLUTION-DISPUTE MANAGEMENT AND RESOLUTION
700 1 _aGaitskell, Robert
_e
856 4 8 _uhttps://www.vlebooks.com/
_zView on VLEbooks. Logins for members only from [email protected]
942 _n0
999 _c106031
_d106031